Analysis and Design of Information Systems (Record no. 129)

MARC details
000 -LEADER
fixed length control field 00423nam a22001697a 4500
005 - DATE AND TIME OF LATEST TRANSACTION
control field 20260121160851.0
008 - FIXED-LENGTH DATA ELEMENTS--GENERAL INFORMATION
fixed length control field 160427b xxu||||| |||| 00| 0 eng d
020 ## - INTERNATIONAL STANDARD BOOK NUMBER
ISBN 81-203-1727-0
041 ## - LANGUAGE CODE
Language code of text/sound track or separate title eng
082 ## - DEWEY DECIMAL CLASSIFICATION NUMBER
Classification number 005.1
100 ## - MAIN ENTRY--AUTHOR NAME
Personal name Rajaraman, V.
245 ## - TITLE STATEMENT
Title Analysis and Design of Information Systems
260 ## - PUBLICATION, DISTRIBUTION, ETC. (IMPRINT)
Place of publication New Delhi
Name of publisher PHI Pvt Ltd.
Year of publication 2005
300 ## - PHYSICAL DESCRIPTION
Number of Pages 292
650 ## - SUBJECT ADDED ENTRY--TOPICAL TERM
Topical Term Information Technology
942 ## - ADDED ENTRY ELEMENTS (KOHA)
Koha item type Books
Holdings
Lost status Damaged status Home library Shelving location Date acquired Cost, normal purchase price Full call number Accession Number Koha item type Collection code Current library
    JRU Library SHELF-49-A 27/04/2016 150.00 00423 00423 Books    
    JRU Library SHELF-49-A 27/04/2016 150.00 00423 00424 Books    
    JRU Library SHELF-49-A 27/04/2016 150.00 00423 00425 Books    
    JRU Library SHELF-75-M 27/04/2016 150.00 005.1 00426 Books CS/IT JRU Library